000
00284nam a22001337a 4500
008
180807b xxu||||| |||| 00| 0 eng d
082
_a
813.52
245
_a
Statistics
_c
Sullivan,M
260
_c
2007
300
_a
1
_f
CD
440
_x
0131731521
760
_b
2nd
942
_2
ddc
_c
MX
999
_c
46903
_d
46903